000 00250nam a22000857a 4500
008 160824b xxu||||| |||| 00| 0 eng d
100 _9226
_aCanfield J
245 _aChicken Soup for the soul-Indian teachers
260 _aNew Delhi
_bWestland publication
_c2010
999 _c2883
_d2883